[Event "7th HD Bank Cup 2017"]
[Site "Ho Chi Minh City VIE"]
[Date "2017.03.12"]
[Round "1.12"]
[White "Hoang, Thi Bao Tram"]
[Black "Rozum, Ivan"]
[Result "1/2-1/2"]
[WhiteTitle "WGM"]
[BlackTitle "GM"]
[WhiteElo "2340"]
[BlackElo "2600"]
[WhiteFideId "12401102"]
[BlackFideId "24104272"]
[EventDate "2017.03.12"]

1. d4 Nf6 2. c4 e6 3. Nc3 Bb4 4. Qc2 b6 5. Bg5 Bb7 6. f3 h6 7. Bh4 d5 8. e3 O-O
9. Bd3 c5 10. a3 Ba5 11. cxd5 exd5 12. Ne2 Re8 13. Bf2 cxd4 14. exd4 Bxc3+ 15.
Qxc3 Ba6 16. Bxa6 Nxa6 17. Qd3 Qc8 18. O-O Qc4 19. Nf4 Rac8 20. Rfe1 Nb8 21. Qd2
Qa4 22. Rxe8+ Qxe8 23. Ne2 Nc6 24. Bh4 Nh7 25. Nc3 Qd7 26. Re1 Nf8 27. Qd3 Ng6
28. Bg3 Nce7 29. Bf2 h5 30. Qd2 f6 31. Qd1 h4 32. Qb3 h3 33. g3 Rc6 34. Qb5 Kf7
35. Be3 Nf8 36. Qf1 Qf5 37. g4 Qh7 38. Qb5 Re6 39. Re2 f5 40. Bg5 fxg4 41. Bxe7
Kxe7 42. Nxd5+ Kd6 43. Nf4 Rxe2 44. Qxe2 Qf5 45. Qe4 Qg5 46. fxg4 Qxg4+ 47. Kf2
Qh4+ 48. Kf3 Qf6 49. Qd5+ Ke7 50. Kg3 g5 51. Qb7+ Kd6 52. Qb8+ Kc6 53. Nxh3 Qxd4
54. Qxf8 Qh4+ 55. Kg2 Qg4+ 56. Kf2 Qd4+ 57. Kg3 Qh4+ 58. Kg2 Qg4+ 59. Kf2 Qd4+
60. Kg3 1/2-1/2

[Event "7th HD Bank Cup 2017"]
[Site "Ho Chi Minh City VIE"]
[Date "2017.03.12"]
[Round "1.16"]
[White "Duong, The Anh"]
[Black "Shyam, Sundar M."]
[Result "1/2-1/2"]
[WhiteTitle "IM"]
[BlackTitle "GM"]
[WhiteElo "2334"]
[BlackElo "2536"]
[WhiteFideId "12401277"]
[BlackFideId "5019141"]
[EventDate "2017.03.12"]

1. d4 Nf6 2. c4 e6 3. Nc3 Bb4 4. e3 O-O 5. Ne2 d5 6. a3 Be7 7. Nf4 Re8 8. Be2
Bd6 9. g3 c6 10. c5 Bc7 11. Nd3 Ne4 12. Qc2 Nxc3 13. Qxc3 f6 14. f4 b6 15. O-O
Ba6 16. Rf2 bxc5 17. dxc5 Nd7 18. b4 Qc8 19. Bb2 e5 20. Rd1 exf4 21. exf4 Bc4
22. Nc1 Bxe2 23. Rxe2 Nf8 24. Rxe8 Qxe8 25. Re1 Qg6 26. Qe3 a5 27. Nd3 h5 28.
Bc3 Qf5 29. Bd2 Kh8 30. Nc1 axb4 31. axb4 Kg8 32. Nb3 Ra2 33. Nd4 Qd7 34. Re2 h4
35. Be1 Ra1 36. Kg2 Ng6 37. Qe6+ Qxe6 38. Nxe6 Bb8 39. Nd4 hxg3 40. hxg3 Bxf4
41. Nxc6 Bc7 42. b5 Rb1 43. b6 Bxb6 44. cxb6 Rxb6 45. Ne7+ Nxe7 46. Rxe7 Kh7 47.
Rd7 Rb5 48. Bf2 Kh6 49. Bd4 Ra5 50. Kf3 Kg6 51. Rc7 Ra4 52. Ke3 Ra3+ 53. Rc3
Rxc3+ 54. Bxc3 Kf5 55. Kf3 g5 56. Bd4 Kg6 57. Kg4 f5+ 58. Kf3 Kh5 59. Be5 Kg6
60. Ke2 Kh5 61. Kf3 Kg6 62. Ke3 f4+ 1/2-1/2

[Event "7th HD Bank Cup 2017"]
[Site "Ho Chi Minh City VIE"]
[Date "2017.03.12"]
[Round "1.25"]
[White "Puranik, Abhimanyu"]
[Black "Nguyen, Dang Hong Phuc"]
[Result "1/2-1/2"]
[WhiteTitle "IM"]
[BlackTitle "FM"]
[WhiteElo "2477"]
[BlackElo "2280"]
[WhiteFideId "5061245"]
[BlackFideId "12402761"]
[EventDate "2017.03.12"]

1. e4 e6 2. d4 d5 3. Nd2 dxe4 4. Nxe4 Bd7 5. Nf3 Bc6 6. Bd3 Nd7 7. c3 Ngf6 8.
Nxf6+ Nxf6 9. Bf4 Bxf3 10. Qxf3 c6 11. O-O Qd5 12. Qe2 Qh5 13. Qc2 Rd8 14. Rae1
Bd6 15. Bxd6 Rxd6 16. Qb3 Rd7 17. Qa3 a6 18. f4 g6 19. f5 gxf5 20. Bxf5 Nd5 21.
Bh3 Qh6 22. Rf3 Rg8 23. Re4 Rg6 24. g3 Re7 1/2-1/2

[Event "7th HD Bank Cup 2017"]
[Site "Ho Chi Minh City VIE"]
[Date "2017.03.12"]
[Round "1.33"]
[White "Liu, Guanchu"]
[Black "Zhou, Guijue"]
[Result "1/2-1/2"]
[WhiteTitle "IM"]
[BlackTitle "WIM"]
[WhiteElo "2441"]
[BlackElo "2220"]
[WhiteFideId "8603901"]
[BlackFideId "8602905"]
[EventDate "2017.03.12"]

1. e4 e5 2. Nf3 Nf6 3. Nxe5 d6 4. Nf3 Nxe4 5. d4 d5 6. Bd3 Nc6 7. O-O Be7 8.
Nbd2 Nxd2 9. Bxd2 Bg4 10. c3 O-O 11. h3 Bh5 12. g3 Qd7 13. Kg2 Bg6 14. Bxg6 hxg6
15. h4 Rfe8 16. Rh1 Qf5 17. Bf4 Rac8 18. Qb3 Nd8 19. Rae1 c6 20. h5 Ne6 21. Bc1
b5 22. Re5 Qf6 23. Nh2 gxh5 24. Rxh5 Qg6 25. Qd1 f6 26. Nf3 Kf7 27. Re1 Bf8 28.
Rh8 Nc7 29. Reh1 Bd6 30. R8h4 Re4 31. Rxe4 Qxe4 32. Rh4 Qf5 33. Rh5 Qg6 34. Rh4
Qf5 35. Qh1 Ne6 36. Rh5 Qe4 37. Rh4 Qf5 38. Rh5 Qe4 39. Rh7 Rg8 40. Be3 Nf8 41.
Rh4 Qe7 42. Rg4 Qe6 43. Rh4 g5 44. Rh6 Qe4 45. Qh5+ Ke7 46. Kh2 Rg7 47. Nd2 Qe6
48. b3 Qf7 49. Qg4 Rh7 50. Rxh7 Qxh7+ 51. Kg2 Ne6 52. c4 Qd3 53. cxd5 cxd5 54.
Qf3 Nc7 55. Qg4 Ne6 56. Nf1 a6 57. Qf3 Nc7 58. Qh5 Ne6 59. Qh8 Qe4+ 60. Kg1 Kf7
61. Qc8 Nc7 62. Qd7+ Qe7 63. Qc6 Ke6 64. Bd2 Qd7 65. Qb6 Qc8 66. Ne3 Qa8 67. Bb4
Ne8 68. Bc5 Kd7 69. Nf5 Bxc5 70. Qxc5 Qc6 71. Qf8 Qe6 72. Ne3 Qe4 73. Qf7+ Kd6
74. g4 Kc6 75. Qa7 Nc7 76. Qc5+ Kd7 77. Qb6 Qe6 78. Qb7 Qc6 79. Qa7 Qe6 80. a4
bxa4 81. bxa4 Qc6 82. a5 Qe6 83. Qb6 Na8 84. Qc5 Nc7 85. Qb6 Na8 86. Qc5 Nc7 87.
Kf1 Qc6 88. Qb6 Na8 89. Qb8 Nc7 90. Qf8 Qd6 91. Qg8 Qe6 92. Qg6 Nb5 93. Qh7+ Kc6
94. Qc2+ Kd7 95. Qc5 Nc7 96. Nf5 Nb5 97. Qf8 Nc3 1/2-1/2

[Event "7th HD Bank Cup 2017"]
[Site "Ho Chi Minh City VIE"]
[Date "2017.03.12"]
[Round "1.35"]
[White "Nguyen, Huynh Minh Huy"]
[Black "Vo, Dai Hoai Duc"]
[Result "1/2-1/2"]
[WhiteTitle "GM"]
[WhiteElo "2428"]
[BlackElo "2205"]
[WhiteFideId "12401269"]
[BlackFideId "12400033"]
[EventDate "2017.03.12"]

1. d4 e6 2. Nf3 Nf6 3. g3 b6 4. Bg2 Bb7 5. c4 Be7 6. Nc3 Ne4 7. Bd2 O-O 8. Rc1
d6 9. O-O Nd7 10. Be1 f5 11. d5 Nxc3 12. Bxc3 e5 13. b4 Bf6 14. Nd2 e4 15. Nb3
Bxc3 16. Rxc3 Qf6 17. Qd2 Ne5 18. Nd4 a5 19. b5 Rae8 20. Ne6 Rf7 21. f4 Ng4 22.
h3 Nh6 23. Nd4 Bc8 24. Nc2 Kh8 25. Rb3 Rff8 26. Kh2 Ng8 27. Re1 Qh6 28. Qd4 Nf6
29. Kg1 Re7 30. Rf1 Rfe8 31. Qe3 Qg6 32. Kf2 Nd7 33. Qd4 Nc5 34. Re3 Rf8 35. Ke1
Qf6 36. Qxf6 Rxf6 37. Nd4 a4 38. Kd2 h6 39. h4 h5 40. Rb1 Bd7 41. Ra3 Rf8 42.
Bf1 Ree8 43. e3 Ra8 44. Rb4 Ra5 45. Rb1 g6 46. Be2 Rfa8 47. Bd1 Kh7 48. Bc2 Kh6
49. Rh1 R5a7 50. Bb1 Ra5 51. Rc3 R5a7 52. Rcc1 Rh8 53. Bc2 Kg7 54. Kc3 Kf6 55.
Kb4 Ra5 56. Ne2 Rha8 57. Rh2 Be8 58. Kc3 R5a7 59. Kd4 Ra5 60. Rch1 R5a7 61. Kc3
Ra5 62. Kb4 R5a7 63. Bb1 Ra5 64. Rc1 R5a7 65. Rc3 Ra5 66. Ra3 R5a7 67. Rh1 Bd7
68. Nc3 Be8 69. Nd1 Ke7 70. Nb2 Bf7 71. Rc1 Kd8 72. Rcc3 Kc8 73. Bc2 Be8 74.
Bxa4 Nb7 75. Bc2 Na5 76. Ra4 Kb8 77. Rca3 Nb7 78. Rxa7 Rxa7 79. Rxa7 Kxa7 80.
Nd1 Bf7 81. Nc3 Kb8 82. Ne2 Kc8 83. Nd4 Kd7 84. a4 Kc8 85. Nb3 Kb8 86. Bd1 Ka7
87. Be2 Kb8 88. Bf1 Ka7 89. Nd4 Kb8 90. Nc6+ Ka8 91. Bh3 Be8 92. Nd4 Kb8 93. Bf1
Bf7 94. Be2 Kc8 95. Bd1 Kb8 96. Nc6+ Ka8 97. Kc3 Be8 98. Nb4 Kb8 99. Nc2 Bf7
100. Nd4 Ka8 101. Nb3 Kb8 102. Bc2 Be8 103. Kd4 Bd7 104. Kc3 Kc8 105. Kb4 Be8
106. a5 Nxa5 107. Nxa5 bxa5+ 108. Kxa5 Kb7 109. Bd1 Bd7 110. Bc2 Be8 111. Bb3
Ka8 112. Ba4 Kb7 113. Kb4 Kb6 114. Kc3 Bd7 115. Kd4 Be8 116. Bd1 Bd7 117. Be2
Ka5 118. Kc3 Be8 119. Kd4 Kb4 120. Bd1 Bd7 121. Be2 Be8 122. Bd1 Bd7 1/2-1/2

[Event "7th HD Bank Cup 2017"]
[Site "Ho Chi Minh City VIE"]
[Date "2017.03.12"]
[Round "1.38"]
[White "Tong, Thai Hung"]
[Black "Ali, Muhammad Lutfi"]
[Result "1/2-1/2"]
[BlackTitle "IM"]
[WhiteElo "2182"]
[BlackElo "2416"]
[WhiteFideId "12403555"]
[BlackFideId "7103743"]
[EventDate "2017.03.12"]

1. d4 d6 2. e4 g6 3. c4 Bg7 4. Nc3 e5 5. dxe5 Bxe5 6. Qc2 Nc6 7. Nf3 Bg7 8. Bg5
Nf6 9. O-O-O h6 10. Bf4 Be6 11. c5 Nh5 12. Be3 O-O 13. h3 Nf6 14. Bb5 Kh7 15.
Qa4 a6 16. Bc4 Bxc4 17. Qxc4 Qe7 18. cxd6 cxd6 19. Bf4 Rfd8 20. Kb1 Rac8 21. Qe2
Na5 22. Rd3 Nc4 23. Re1 b5 24. Bc1 Nd7 25. Nd5 Qe8 26. b3 Nde5 27. Nxe5 Qxe5 28.
Rc3 Na3+ 29. Bxa3 Rxc3 30. Nxc3 Qxc3 31. Bb2 Qb4 32. Bxg7 Kxg7 33. Rd1 Re8 34.
f3 Re6 35. Qd2 Qxd2 36. Rxd2 f5 37. exf5 gxf5 38. Kc2 f4 39. Kc3 a5 40. Rd5 Re2
41. Rxb5 Rxa2 42. Rf5 Rxg2 43. Rxf4 Rf2 1/2-1/2

[Event "7th HD Bank Cup 2017"]
[Site "Ho Chi Minh City VIE"]
[Date "2017.03.12"]
[Round "1.40"]
[White "Li, Xueyi"]
[Black "Nguyen, Van Huy"]
[Result "1/2-1/2"]
[BlackTitle "IM"]
[WhiteElo "2170"]
[BlackElo "2413"]
[WhiteFideId "8605912"]
[BlackFideId "12401064"]
[EventDate "2017.03.12"]

1. d4 Nf6 2. c4 e6 3. g3 d5 4. Bg2 Bb4+ 5. Bd2 Be7 6. Nf3 O-O 7. O-O c6 8. Qc2
b6 9. Rd1 Ba6 10. b3 Nbd7 11. Bc3 Ne4 12. Bb2 Rc8 13. Nbd2 f5 14. a4 Qe8 15. Ba3
Bxa3 16. Rxa3 Qh5 17. b4 c5 18. dxc5 bxc5 19. b5 Bb7 20. cxd5 exd5 21. Nc4 d4
22. Nh4 Ndf6 23. f3 Nc3 24. Rxc3 dxc3 25. Nd6 Rc7 26. Nxb7 Rxb7 27. Nxf5 Rd7 28.
Rxd7 Nxd7 29. e4 Qe8 30. f4 Rxf5 31. exf5 Qe1+ 32. Bf1 Nf6 33. a5 Kf8 34. b6
axb6 35. axb6 Qe3+ 36. Kg2 Nd5 37. b7 Qe8 38. Qb3 Qe4+ 39. Kg1 Qe3+ 40. Kh1 Qe4+
41. Kg1 1/2-1/2

[Event "7th HD Bank Cup 2017"]
[Site "Ho Chi Minh City VIE"]
[Date "2017.03.12"]
[Round "1.48"]
[White "Godbole, Atharva"]
[Black "Cuhendi, Sean Winshand"]
[Result "1/2-1/2"]
[BlackTitle "IM"]
[WhiteElo "2100"]
[BlackElo "2403"]
[WhiteFideId "5059550"]
[BlackFideId "7101554"]
[EventDate "2017.03.12"]

1. e4 d5 2. exd5 Nf6 3. Nf3 Nxd5 4. d4 Bg4 5. c4 Nb6 6. Nc3 e5 7. d5 N8d7 8. Be2
Bxf3 9. gxf3 Qh4 10. Qd3 Bc5 11. Rf1 O-O 12. Bd2 f5 13. O-O-O Bxf2 14. Qc2 Bc5
15. Nb5 Rac8 16. Bd3 a6 17. Nc3 Qf6 18. h4 c6 19. Kb1 cxd5 20. cxd5 Bd4 21. Rfe1
Nc5 22. Bg5 Qf7 23. d6 Nxd3 24. Rxd3 Rc6 25. f4 Nd7 26. fxe5 Bxe5 27. Qg2 f4 28.
Nd5 Rxd6 29. Rxe5 f3 30. Qf1 Nxe5 31. Ne7+ Qxe7 32. Bxe7 Rxd3 33. Bxf8 Kxf8 34.
Qe1 Nf7 35. Qf1 Ne5 36. Qe1 Nf7 37. Qf1 Ne5 38. Qe1 1/2-1/2

[Event "7th HD Bank Cup 2017"]
[Site "Ho Chi Minh City VIE"]
[Date "2017.03.12"]
[Round "2.21"]
[White "Zhou, Jianchao"]
[Black "Pham, Le Thao Nguyen"]
[Result "1-0"]
[WhiteTitle "GM"]
[BlackTitle "IM"]
[WhiteElo "2619"]
[BlackElo "2351"]
[WhiteFideId "8603537"]
[BlackFideId "12401226"]
[EventDate "2017.03.12"]

1. d4 Nf6 2. c4 e6 3. Nc3 Bb4 4. Qc2 O-O 5. a3 Bxc3+ 6. Qxc3 b6 7. Bg5 Bb7 8. f3
d5 9. e3 Nbd7 10. cxd5 Nxd5 11. Bxd8 Nxc3 12. Bxc7 Nd5 13. Bf4 Nxf4 14. exf4
Rfd8 15. Bb5 a6 16. Bxd7 Rxd7 17. Ne2 a5 18. Kf2 Ba6 19. Rhd1 Rad8 20. Rac1 Rd6
21. Ke3 Bxe2 22. Kxe2 f6 23. g3 R8d7 24. Rd3 Kf7 25. Ke3 Ke7 26. Ke4 g6 27. Rc4
Rd5 28. h4 h5 29. Rc6 b5 30. Rc5 a4 31. Ke3 b4 32. g4 f5 33. g5 Rb7 34. Rc8 Rdb5
35. Ra8 bxa3 36. bxa3 Rc7 37. Rxa4 Rc2 38. d5 exd5 39. Ra6 Rh2 40. Rxg6 Rxh4 41.
Rf6 d4+ 42. Rxd4 Rh2 43. Rb4 Rd5 44. Rb7+ Ke8 45. Rh6 1-0

[Event "7th HD Bank Cup 2017"]
[Site "Ho Chi Minh City VIE"]
[Date "2017.03.12"]
[Round "2.22"]
[White "Rozum, Ivan"]
[Black "Zou, Chen"]
[Result "1-0"]
[WhiteTitle "GM"]
[BlackTitle "FM"]
[WhiteElo "2600"]
[BlackElo "2338"]
[WhiteFideId "24104272"]
[BlackFideId "8610959"]
[EventDate "2017.03.12"]

1. d4 Nf6 2. c4 g6 3. Nc3 Bg7 4. Nf3 O-O 5. g3 d6 6. Bg2 c6 7. O-O Qa5 8. e4 e5
9. h3 Nbd7 10. Qc2 Re8 11. Be3 Qc7 12. Rac1 exd4 13. Nxd4 a5 14. Rfd1 Nc5 15. b3
Qe7 16. Re1 Bd7 17. f3 Nh5 18. Kh2 Qf8 19. Rcd1 Rad8 20. f4 Nf6 21. Bf2 Bc8 22.
Re2 Bh8 23. Nf3 Qh6 24. Bxc5 dxc5 25. e5 Bf5 26. Qc1 Nd7 27. Nh4 Nf8 28. Red2
Rxd2 29. Qxd2 f6 30. Be4 Bxe4 31. Nxe4 fxe5 32. f5 Qxd2+ 33. Rxd2 gxf5 34. Nxf5
b6 35. h4 Ra8 36. Rd6 a4 37. Rxc6 axb3 38. axb3 Nd7 39. Rc7 Rd8 40. Ne7+ Kf8 41.
Nc6 1-0

[Event "7th HD Bank Cup 2017"]
[Site "Ho Chi Minh City VIE"]
[Date "2017.03.12"]
[Round "2.23"]
[White "Nguyen, Dang Hong Phuc"]
[Black "Ghosh, Diptayan"]
[Result "0-1"]
[WhiteTitle "FM"]
[BlackTitle "GM"]
[WhiteElo "2280"]
[BlackElo "2581"]
[WhiteFideId "12402761"]
[BlackFideId "5045207"]
[EventDate "2017.03.12"]

1. d4 Nf6 2. Nf3 e6 3. c4 d5 4. g3 dxc4 5. Bg2 Bd7 6. Ne5 Bc6 7. Nxc6 Nxc6 8.
O-O Qd7 9. e3 Rd8 10. Qe2 e5 11. Bxc6 Qxc6 12. dxe5 Nd7 13. f4 f6 14. exf6 Nxf6
15. Nc3 Bb4 16. e4 Rd3 17. Nd5 Bc5+ 18. Kg2 O-O 19. Nxf6+ Rxf6 20. f5 Rd4 21.
Rf4 Bd6 22. Rg4 h5 23. Rh4 Rxf5 24. Bd2 Be7 25. Bc3 Rd3 26. Kh3 Qe6 0-1

[Event "7th HD Bank Cup 2017"]
[Site "Ho Chi Minh City VIE"]
[Date "2017.03.12"]
[Round "2.24"]
[White "Michalik, Peter"]
[Black "Hoang, Thi Bao Tram"]
[Result "1-0"]
[WhiteTitle "GM"]
[BlackTitle "WGM"]
[WhiteElo "2578"]
[BlackElo "2340"]
[WhiteFideId "14907526"]
[BlackFideId "12401102"]
[EventDate "2017.03.12"]

1. d4 d5 2. c4 c6 3. Nf3 Nf6 4. Qc2 g6 5. Bf4 dxc4 6. Qxc4 Be6 7. Qc2 Bf5 8. Qb3
Qb6 9. Nbd2 Na6 10. a3 Bg7 11. e3 O-O 12. Bc4 Ne4 13. O-O Rac8 14. Qa2 Nxd2 15.
Nxd2 c5 16. d5 Nc7 17. e4 Bd7 18. a4 a6 19. Nf3 Qf6 20. Be5 Qb6 21. a5 Qb4 22.
d6 Be6 23. Rac1 exd6 24. Bxd6 Rfe8 25. e5 Bh6 26. Rc3 Na8 27. Ra1 Rc6 28. Bxe6
fxe6 29. Rb3 Qe4 30. Re1 Qd5 31. Qa4 Rec8 32. Rc3 c4 33. Rd1 Qb5 34. Qa1 Nc7 35.
Nd4 Qd5 36. Nxc6 Qxc6 37. b3 Nd5 38. Rxc4 Qe8 39. Qa4 Qd8 40. Rxc8 Qxc8 41. Qc4
Qd7 42. g3 1-0

[Event "7th HD Bank Cup 2017"]
[Site "Ho Chi Minh City VIE"]
[Date "2017.03.12"]
[Round "2.25"]
[White "Shyam, Sundar M."]
[Black "Chen, Qi b"]
[Result "1-0"]
[WhiteTitle "GM"]
[WhiteElo "2536"]
[BlackElo "2328"]
[WhiteFideId "5019141"]
[BlackFideId "8614733"]
[EventDate "2017.03.12"]

1. e4 c5 2. Nf3 d6 3. d4 cxd4 4. Nxd4 Nf6 5. Nc3 a6 6. Be3 Ng4 7. Bg5 h6 8. Bh4
g5 9. Bg3 Bg7 10. h3 Ne5 11. Nf5 Bxf5 12. exf5 Nbc6 13. Nd5 e6 14. fxe6 fxe6 15.
Ne3 Qa5+ 16. c3 Nf3+ 17. Qxf3 Bxc3+ 18. Kd1 Qa4+ 19. Nc2 Bxb2 20. Rc1 Rc8 21.
Bd3 Rf8 22. Qh5+ Kd7 23. Qxh6 Bxc1 24. Kxc1 Nb4 25. Qg7+ Kc6 26. Nxb4+ Qxb4 27.
Bc2 e5 28. Qxg5 Qa3+ 29. Kd2 Kb6 30. Qe3+ Qxe3+ 31. fxe3 Rg8 32. Rb1+ Kc7 33.
Bf5 Rcf8 34. Bg4 b5 35. e4 Rg7 36. Ke3 Kb6 37. Rd1 Rg6 38. Bh4 Kc7 39. Be1 Kb6
40. g3 a5 41. Bf5 Rh6 42. h4 b4 43. g4 1-0

[Event "7th HD Bank Cup 2017"]
[Site "Ho Chi Minh City VIE"]
[Date "2017.03.12"]
[Round "2.26"]
[White "Stefanova, Antoaneta"]
[Black "Duong, The Anh"]
[Result "1-0"]
[WhiteTitle "GM"]
[BlackTitle "IM"]
[WhiteElo "2533"]
[BlackElo "2334"]
[WhiteFideId "2902257"]
[BlackFideId "12401277"]
[EventDate "2017.03.12"]

1. Nf3 Nf6 2. g3 b6 3. Bg2 Bb7 4. O-O g6 5. d3 Bg7 6. e4 d6 7. c4 O-O 8. Nc3 c5
9. Nh4 Nc6 10. f4 Nd7 11. f5 e6 12. Be3 Nde5 13. Nf3 Re8 14. fxe6 fxe6 15. Qd2
Nxf3+ 16. Rxf3 Ne5 17. Rf4 Qd7 18. h3 Rf8 19. Raf1 Bc6 20. b3 Rf7 21. Rxf7 Nxf7
22. h4 Ne5 23. Bh3 Rf8 24. Bf4 Qe8 25. Qe2 Bd7 26. Nd1 Qe7 27. Nf2 Nc6 28. Ng4
Nd4 29. Qd1 h5 30. Bg5 Rxf1+ 31. Qxf1 Qf7 32. Nh6+ Bxh6 33. Bxh6 Qxf1+ 34. Kxf1
Kf7 35. Bf4 Ke7 36. e5 d5 37. g4 hxg4 38. Bxg4 dxc4 39. bxc4 Bc6 40. Kf2 Kd7 41.
Bd2 a6 42. Bd1 Nf5 43. Bg5 b5 44. Be3 Nxh4 45. Bxc5 Nf5 46. Ke2 g5 47. Kd2 Nh6
48. Be3 Nf7 49. cxb5 axb5 50. d4 Bd5 51. a3 Bc4 52. Kc3 Bf1 53. Bg4 Ke7 54. Kb4
Bd3 55. Kc5 Bf1 56. Bf3 Bd3 57. Bc6 g4 58. Bxb5 Bxb5 59. Kxb5 Kd7 60. Kb6 g3 61.
a4 Nd8 62. a5 Nc6 63. a6 Ne7 64. Kb7 Nc6 65. Bg1 Na5+ 66. Kb6 Nc6 67. d5 exd5
68. e6+ Kd6 69. Bc5+ 1-0

[Event "7th HD Bank Cup 2017"]
[Site "Ho Chi Minh City VIE"]
[Date "2017.03.12"]
[Round "2.27"]
[White "Nguyen, Anh Dung"]
[Black "Tong, Thai Hung"]
[Result "1-0"]
[WhiteTitle "GM"]
[WhiteElo "2482"]
[BlackElo "2182"]
[WhiteFideId "12400025"]
[BlackFideId "12403555"]
[EventDate "2017.03.12"]

1. d4 d5 2. c4 c6 3. Nf3 Nf6 4. e3 a6 5. Bd3 Bg4 6. Qb3 Bxf3 7. Qxb7 Bxg2 8. Rg1
dxc4 9. Rxg2 cxd3 10. Qxa8 Qc7 11. Na3 g6 12. Bd2 Bg7 13. Nc4 O-O 14. Rc1 Qd7
15. f3 Nd5 16. Na5 Qh3 17. Kf2 Nf4 18. Rcg1 Nxg2 19. Rxg2 Qe6 20. b3 f5 21. f4
Qd6 22. Nc4 Qd7 23. h3 Bf6 24. Kg1 Qd5 25. Kh2 e6 26. Qa7 Nd7 27. Bb4 c5 28.
dxc5 Qc6 29. Na5 Qb5 30. a3 Be7 31. c6 Bxb4 32. axb4 Nc5 33. Qxc5 1-0

[Event "7th HD Bank Cup 2017"]
[Site "Ho Chi Minh City VIE"]
[Date "2017.03.12"]
[Round "2.28"]
[White "Wang, Jue"]
[Black "Puranik, Abhimanyu"]
[Result "1/2-1/2"]
[WhiteTitle "WGM"]
[BlackTitle "IM"]
[WhiteElo "2338"]
[BlackElo "2477"]
[WhiteFideId "8604070"]
[BlackFideId "5061245"]
[EventDate "2017.03.12"]

1. e4 e6 2. d4 d5 3. Nc3 Bb4 4. e5 c5 5. a3 Bxc3+ 6. bxc3 Ne7 7. h4 Nbc6 8. Nf3
Qa5 9. Bd2 Bd7 10. h5 h6 11. Rh4 O-O-O 12. Rb1 c4 13. Qc1 Rdf8 14. Be2 Rh7 15.
Kf1 f6 16. Bf4 f5 17. Rh3 Kc7 18. Nh4 Rhh8 19. Kg1 Rf7 20. Ra1 Qa4 21. Bh2 Be8
22. Kh1 Rff8 23. Qb2 Rhg8 24. Rb1 b6 25. Rg1 Nd8 26. Qc1 Nf7 27. Bf4 Kb7 28. Be3
Qd7 29. Bf3 Nd8 30. g3 Nf7 31. Rh2 Nd8 32. Rhg2 Rf7 33. Rh2 Rff8 34. Ng2 Nf7 35.
Be2 Rh8 36. Nh4 Rhg8 37. Rhg2 Nd8 38. Rh2 Nf7 39. Rhg2 Nd8 40. Rh2 1/2-1/2

[Event "7th HD Bank Cup 2017"]
[Site "Ho Chi Minh City VIE"]
[Date "2017.03.12"]
[Round "2.29"]
[White "Vo, Dai Hoai Duc"]
[Black "Liu, Guanchu"]
[Result "1/2-1/2"]
[BlackTitle "IM"]
[WhiteElo "2205"]
[BlackElo "2441"]
[WhiteFideId "12400033"]
[BlackFideId "8603901"]
[EventDate "2017.03.12"]

1. d4 f5 2. g3 Nf6 3. Bg2 g6 4. c3 Bg7 5. Qb3 Nc6 6. Nd2 e6 7. Nh3 Qe7 8. Nf4 e5
9. dxe5 Nxe5 10. O-O c6 11. Nf3 Nf7 12. h4 O-O 13. Be3 Ne4 14. Bd4 Bxd4 15. cxd4
d5 16. Qc2 Qd6 17. Nd3 h6 18. Nfe5 g5 19. Nxf7 Rxf7 20. Ne5 Rg7 21. hxg5 Nxg5
22. e3 h5 23. f4 Ne4 24. Bxe4 fxe4 25. Kf2 Bg4 26. Rh1 Re8 27. Nxg4 hxg4 28. Rh4
Kf7 29. Rah1 Reg8 30. Qa4 a6 31. Qb3 Ke8 32. Rh6 Qc7 33. Qb4 Kd8 34. Rf6 Rf7 35.
Rxf7 Qxf7 36. Qd6+ Kc8 37. Rh4 Qd7 38. Qe5 Qf7 39. Rh6 Qg7 40. Qh5 Kb8 41. Rh7
Qf8 42. a3 Ka7 43. Qe5 Qd8 44. Qe6 Qa5 45. Qxg8 Qd2+ 46. Kf1 Qd1+ 47. Kg2 Qf3+
48. Kh2 1/2-1/2

[Event "7th HD Bank Cup 2017"]
[Site "Ho Chi Minh City VIE"]
[Date "2017.03.12"]
[Round "2.30"]
[White "Zhou, Guijue"]
[Black "Nguyen, Huynh Minh Huy"]
[Result "1/2-1/2"]
[WhiteTitle "WIM"]
[BlackTitle "GM"]
[WhiteElo "2220"]
[BlackElo "2428"]
[WhiteFideId "8602905"]
[BlackFideId "12401269"]
[EventDate "2017.03.12"]

1. e4 c5 2. Nf3 d6 3. d4 Nf6 4. Nc3 cxd4 5. Nxd4 a6 6. Be2 e5 7. Nb3 Be7 8. Bg5
Be6 9. Bxf6 Bxf6 10. Qd3 O-O 11. Rd1 Be7 12. Nd5 Bg5 13. O-O Nc6 14. c3 Rc8 15.
Ne3 Bxe3 16. Qxe3 Qc7 17. Rd2 Rfd8 18. Rfd1 Ne7 19. Bf3 Rd7 20. Nc1 Rcd8 21. a3
f6 22. Nd3 a5 23. h3 b6 24. Nc1 d5 25. exd5 Bxd5 26. Bxd5+ Nxd5 27. Qf3 Nf4 28.
Qe3 Qc6 29. f3 Rxd2 30. Rxd2 Rxd2 31. Qxd2 Kf7 32. Kh2 Ke7 33. Ne2 Qd5 34. Qe3
Nxe2 35. Qxe2 g6 36. Qe3 Qb3 37. Qd2 a4 38. Kg3 b5 39. Qf2 Kf7 40. Qa7+ Kg8 41.
Qd7 Qc4 42. Qe8+ Kg7 43. Qe7+ Qf7 44. Qc5 Qc4 45. Qe7+ Qf7 1/2-1/2

[Event "7th HD Bank Cup 2017"]
[Site "Ho Chi Minh City VIE"]
[Date "2017.03.12"]
[Round "2.40"]
[White "Nguyen, Van Thanh"]
[Black "Xiang, Zeyu"]
[Result "1/2-1/2"]
[WhiteTitle "CM"]
[WhiteElo "2238"]
[BlackElo "2411"]
[WhiteFideId "12402532"]
[BlackFideId "8608547"]
[EventDate "2017.03.12"]

1. e4 c5 2. Nf3 e6 3. g3 d6 4. Bg2 Nf6 5. Qe2 Be7 6. O-O O-O 7. c3 Qc7 8. d4
cxd4 9. cxd4 b6 10. Rd1 Ba6 11. Qe1 Nc6 12. Bf4 e5 13. Bg5 exd4 14. Nxd4 Nxd4
15. Rxd4 Qc5 16. Be3 Ng4 17. Rd5 Qc2 18. Rd2 Nxe3 19. fxe3 Qc5 20. Nc3 Rac8 21.
Nd5 Bd8 22. Bh3 Rb8 23. Rc1 Qb5 24. Bf1 Qa5 25. b4 Qa3 26. Rc3 Qa4 27. Qd1 Qxd1
28. Rxd1 Bb7 29. Bh3 Re8 30. Bg2 Rc8 31. Rdc1 Rxc3 32. Rxc3 Kf8 33. b5 Re5 34.
Ra3 f5 35. Rxa7 Bxd5 36. exd5 Bg5 37. Kf1 Bxe3 38. a4 Bd2 39. Bf3 Re1+ 40. Kg2
Ra1 41. Be2 Be3 42. Kf3 Bg1 43. Bd3 g6 44. Rxh7 Rxa4 45. h4 Rd4 46. Ke2 Rxd5 47.
h5 g5 48. Bc4 Re5+ 49. Kf1 Bd4 50. Rd7 Rc5 51. Bd3 Rc3 52. Ke2 Be5 53. Bxf5 Rxg3
54. h6 Rb3 55. Bd3 g4 56. h7 Rb2+ 57. Kf1 Rh2 58. Be4 g3 59. Bg2 Rh4 60. Ke2 Ke8
61. Rb7 Rh2 62. Kf1 Bd4 63. Bc6+ Kf8 64. Bg2 Rh5 65. Bc6 Be5 66. Be4 Rh4 67. Bf3
Rh2 68. Bg2 Bd4 69. Rd7 Rh6 70. Ke2 Ke8 71. Rb7 Kf8 72. Rd7 Be5 73. Rb7 Bd4 74.
Bd5 Rh2+ 75. Kd3 g2 76. Bxg2 Rxg2 77. Rb8+ Ke7 78. h8=Q Bxh8 79. Rxh8 Ke6 80.
Rc8 Rg3+ 1/2-1/2